Music Quiz

Random Music or Singers Quiz

20 Faces in Music (Female) Quiz Stats

 Plays Quiz not verified by Sporcle

Challenge
Share
Tweet
Score 0/20 Timer 08:00
0 Plays Today
% Correct
Tina Turner
81.2%
Adele
78.5%
Aretha Franklin
75.9%
Sinéad O'Connor
73.1%
Annie Lennox
64.7%
Tracy Chapman
61%
Carly Simon
52.2%
Debbie Harry
51.5%
Joni Mitchell
49.1%
Bonnie Raitt
49.1%
% Correct
Stevie Nicks
48.5%
Jewel
47.9%
Tori Amos
39.6%
Linda Ronstadt
38.2%
Lauryn Hill
36%
Norah Jones
32.5%
Sarah McLachlan
32.3%
Natalie Merchant
19.8%
KT Tunstall
10.8%
Ani DiFranco
8.2%

You're not logged in!

Compare scores with friends on all Sporcle quizzes.
Join for Free
OR
Log In

You Might Also Like...

Show Comments

Extras

Top Quizzes Today


Score Distribution

Your Account Isn't Verified!

In order to create a playlist on Sporcle, you need to verify the email address you used during registration. Go to your Sporcle Settings to finish the process.

Report this User

Report this user for behavior that violates our Community Guidelines.

Details: